Missing Word: How I Met Your Mother Actors Quiz Stats

 Plays Quiz Updated Aug 14, 2017

Support Sporcle.
Go Orange.
Score 0/20 Timer 04:00
0 Plays Today
% Correct
American
98%
Slayer
95.6%
You
93.1%
Up
91.1%
Geeks
87.1%
Forgetting
83%
Jack
78.5%
Harold
77.3%
Boys
74.1%
Ultron
72.5%
% Correct
Teen
71.4%
West
71.3%
Winter
70.2%
Girl
70.1%
Afternoon
43.4%
Starship
40.2%
Movie
23.1%
Arts
20.3%
Street
9.2%
Delivery
7.9%

Today's Daily Dose

Missing Word
'80s Musicals

Word Ladder
Hereditary

Get the Picture
Food Names

From the Vault

Desserts by Picture (A-Z)

by khands

If you're on a diet, you may want to play this quiz twice for maximum enjoyment.
Remove Ads.
Support Sporcle.
Get the best of Sporcle when you Go Orange. This ad-free experience offers more features, more stats, and more fun while also helping to support Sporcle. Thank you for becoming a member.

Show Comments

Extras

Top Quizzes Today


Score Distribution

Your Account Isn't Verified!

In order to create a playlist on Sporcle, you need to verify the email address you used during registration. Go to your Sporcle Settings to finish the process.

Report this User

Report this user for behavior that violates our Community Guidelines.

Details: